Emulation system of 8751 / (Record no. 182570)

000 -LEADER
fixed length control field 00632 a2200193 4500
003 - CONTROL NUMBER IDENTIFIER
control field 0
005 - DATE AND TIME OF LATEST TRANSACTION
control field 20251110144710.0
040 ## - CATALOGING SOURCE
Transcribing agency Nust
082 ## - DEWEY DECIMAL CLASSIFICATION NUMBER
Classification number 621.382,JAM
100 ## - MAIN ENTRY--PERSONAL NAME
Personal name Jamal, NC Wasif Muhammad (TCC-05)
9 (RLIN) 131758
245 ## - TITLE STATEMENT
Title Emulation system of 8751 /
Statement of responsibility, etc. Muhammad Wasif Jamal, NC Jawad Saraf and Muhammad Shahzad Akram (TCC-05)
260 ## - PUBLICATION, DISTRIBUTION, ETC.
Place of publication, distribution, etc. Rawalpindi
Name of publisher, distributor, etc. MCS (UET Lahore)
Date of publication, distribution, etc. 1997
300 ## - PHYSICAL DESCRIPTION
Extent 130 p.;
505 ## - FORMATTED CONTENTS NOTE
Formatted contents note Emulator (Pge-5), Target system (Page-60), Power supply (Page-105).
650 ## - SUBJECT ADDED ENTRY--TOPICAL TERM
Topical term or geographic name entry element UG Projects
9 (RLIN) 98716
651 ## - SUBJECT ADDED ENTRY--GEOGRAPHIC NAME
Geographic name TCC-05
9 (RLIN) 98717
700 ## - ADDED ENTRY--PERSONAL NAME
Personal name Supervised by Lt Col Khaista Gul
9 (RLIN) 131759
942 ## - ADDED ENTRY ELEMENTS (KOHA)
Source of classification or shelving scheme
Koha item type Project Report
Holdings
Withdrawn status Lost status Source of classification or shelving scheme Damaged status Not for loan Permanent Location Current Location Shelving location Date acquired Full call number Barcode Date last seen Price effective from Koha item type Public note
          Military College of Signals (MCS) Military College of Signals (MCS) Reference 12/12/2016 621.382, WAS MCSPTC-09 12/08/2016 12/12/2016 Project Report Almirah No.94, Shelf No. 1
© 2023 Central Library, National University of Sciences and Technology. All Rights Reserved.